000 00884 a2200301 4500
999 _c200045566
_d36873
001 200045566
003 TR-AnTOB
005 20200722102206.0
008 161122d20119999tu n0 0 0 d
022 _a2146-4839
040 _aTR-AnTOB
_cTR-AnTOB
041 _atur
_aeng
099 _aJOURNAL SGD
245 0 0 _aSosyal Güvenlik Dergisi = Journal of Social Security
246 3 _aSGD
260 _aAnkara:
_bSosyal Güvenlik Kurumu Başkanlığı,
_c2011-
300 _av. :
_bill. ;
_c25 cm.
306 _ahalf yearly
336 _2rdacontent
_atext
_btxt
337 _2rdamedia
_aunmediated
_bn
338 _2rdacarrier
_avolume
_bnc
362 _a2011-
650 0 _aSosyal güvenlik
_zTürkiye
_vSüreli yayınlar
_932582
650 0 _aSocial security
_zTurkey
_vPeriodicals
_932581
856 4 1 _uhttps://dergipark.org.tr/tr/pub/sgd
942 _cCR
_2lcc